000 00718nam a2200253Ia 4500
001 11054
003 GE_BSU
008 181216s||||||||xx |||||||||||||| ||und||
020 _a9780077126179
040 _cGE_BSU
080 _a005.5
245 _aOPERATIONS MANAGEMENT.
245 _bHigher Education.
245 _cSteve Paton, Ben Clegg, Juliana Hsuan and Alan Pilkington.
260 _aLondon.
260 _bMc Graw-Hill.
260 _c2011.
300 _a518p;ill;27cm.
520 _aშემოსულია ტემპუსის პროექტით.
541 _h171Gel.
653 _aOPERATIONS MANAGEMENT.
653 _aტემპუსის პროექტით
942 _cBK
999 _c44296
_d44296